<?xml version="1.0" encoding="UTF-8"?><?xml-stylesheet type="text/xsl" href="static/style.xsl"?><OAI-PMH xmlns="http://www.openarchives.org/OAI/2.0/" xmlns:xsi="http://www.w3.org/2001/XMLSchema-instance" xsi:schemaLocation="http://www.openarchives.org/OAI/2.0/ http://www.openarchives.org/OAI/2.0/OAI-PMH.xsd"><responseDate>2026-06-29T02:50:54Z</responseDate><request verb="GetRecord" identifier="oai:docta.ucm.es:20.500.14352/108034" metadataPrefix="marc">https://docta.ucm.es/rest/oai/request</request><GetRecord><record><header><identifier>oai:docta.ucm.es:20.500.14352/108034</identifier><datestamp>2025-03-18T13:01:58Z</datestamp><setSpec>com_20.500.14352_14</setSpec><setSpec>col_20.500.14352_20</setSpec></header><metadata><record xmlns="http://www.loc.gov/MARC21/slim" xmlns:dcterms="http://purl.org/dc/terms/" xmlns:xsi="http://www.w3.org/2001/XMLSchema-instance" xmlns:doc="http://www.lyncode.com/xoai" xsi:schemaLocation="http://www.loc.gov/MARC21/slim http://www.loc.gov/standards/marcxml/schema/MARC21slim.xsd">
   <leader>00925njm 22002777a 4500</leader>
   <datafield ind2=" " ind1=" " tag="042">
      <subfield code="a">dc</subfield>
   </datafield>
   <datafield ind2=" " ind1=" " tag="720">
      <subfield code="a">Pérez Carrasco, María Jesús</subfield>
      <subfield code="e">author</subfield>
   </datafield>
   <datafield ind2=" " ind1=" " tag="720">
      <subfield code="a">Sánchez Ramos, Celia</subfield>
      <subfield code="e">author</subfield>
   </datafield>
   <datafield ind2=" " ind1=" " tag="720">
      <subfield code="a">Puell Marín, María Cinta</subfield>
      <subfield code="e">author</subfield>
   </datafield>
   <datafield ind2=" " ind1=" " tag="720">
      <subfield code="a">Langa Moraga, Antonio</subfield>
      <subfield code="e">author</subfield>
   </datafield>
   <datafield ind2=" " ind1=" " tag="260">
      <subfield code="c">2001-10-04</subfield>
   </datafield>
   <datafield ind2=" " ind1=" " tag="520">
      <subfield code="a">PURPOSE: To measure the effect of a coated yellow filter on luminance thresholds in the central visual field (30º) under mesopic conditions.
METHOD: The luminance threshold was measured on the different areas of central visual field (30º) with the program GIX of the OCTOPUS 1-2-3 perimeter in a group of 38 adults subjects with an without coated yellow lenses ( 482nm cut-off) under mesopic conditions.
RESULTS: The luminance threshold improved through the yellow filter on the different established areas of visual field (30º) and the increase differential light sensitivity was statiscally significant (e.g. all visual field p=0.0003 and macular visual field (9.5º) p=0.0001.
CONCLUSION: There is an improvement of luminance threshold and hence a greater luminance perception through yellow filter under mesopic conditions.</subfield>
   </datafield>
   <datafield ind1="8" ind2=" " tag="024">
      <subfield code="a">https://hdl.handle.net/20.500.14352/108034</subfield>
   </datafield>
   <datafield ind2="0" ind1="0" tag="245">
      <subfield code="a">Effect of yellow filter in mesopic conditions on luminance thresholds in the central visual field (30º)</subfield>
   </datafield>
</record></metadata></record></GetRecord></OAI-PMH>